[Event "Torneo de la Juventud Pueblo Nuevo"]
[Site "Madrid ESP"]
[Date "2006.05.27"]
[Round "1.1"]
[White "Perez Martinez, Jose M."]
[Black "Vallejo Nuño, Jorge"]
[Result "1/2-1/2"]
[WhiteElo "1943"]
[BlackElo "1991"]
[PlyCount "46"]
[EventDate "2006.05.27"]
[EventType "tourn"]
[EventRounds "9"]
[EventCountry "ESP"]
[Source "lmi"]
[SourceDate "2006.06.05"]

1. e4 e5 2. Nf3 Nf6 3. Nxe5 d6 4. Nf3 Nxe4 5. d3 Nf6 6. Bg5 d5 7. d4 Bd6 8. Bd3
O-O 9. O-O Bg4 10. h3 Be6 11. Nbd2 Nbd7 12. c4 c6 13. Qb3 b6 14. Rac1 h6 15.
Be3 c5 16. cxd5 Nxd5 17. Bc4 Nxe3 18. Qxe3 cxd4 19. Nxd4 Bxc4 20. Nxc4 Bc5 21.
Qd2 Ne5 22. Nb5 Qxd2 23. Nxd2 Bb4 1/2-1/2

[Event "Torneo de la Juventud Pueblo Nuevo"]
[Site "Madrid ESP"]
[Date "2006.06.03"]
[Round "1.2"]
[White "Collado Barbas, Laura"]
[Black "Sanchez Delgado, Lidia"]
[Result "1-0"]
[WhiteElo "1861"]
[BlackElo "2035"]
[PlyCount "51"]
[EventDate "2006.05.27"]
[EventType "tourn"]
[EventRounds "9"]
[EventCountry "ESP"]
[Source "lmi"]
[SourceDate "2006.06.05"]

1. d4 Nf6 2. c4 g6 3. Nc3 Bg7 4. e4 d6 5. Nf3 O-O 6. Be3 Nbd7 7. Nd2 e5 8. d5
Nh5 9. g4 Nf4 10. h4 Nf6 11. f3 h5 12. g5 Nd7 13. Qc2 c6 14. O-O-O cxd5 15.
cxd5 a6 16. Nc4 Qc7 17. Kb1 b5 18. Nd2 Nc5 19. Ne2 a5 20. Nb3 Rd8 21. Nxc5 dxc5
22. Qxc5 Qb8 23. Nxf4 exf4 24. Bd4 Bf8 25. Qb6 Bb7 26. Qf6 1-0

[Event "Torneo de la Juventud Pueblo Nuevo"]
[Site "Madrid ESP"]
[Date "2006.05.27"]
[Round "1.4"]
[White "Collado Barbas, Alberto"]
[Black "Martin Mazuelo, Miguel A."]
[Result "0-1"]
[WhiteElo "1809"]
[BlackElo "1879"]
[PlyCount "96"]
[EventDate "2006.05.27"]
[EventType "tourn"]
[EventRounds "9"]
[EventCountry "ESP"]
[Source "lmi"]
[SourceDate "2006.06.05"]

1. d4 Nf6 2. c4 e5 3. dxe5 Ng4 4. Nf3 Bc5 5. e3 Nc6 6. Be2 Ngxe5 7. Nxe5 Nxe5
8. a3 a5 9. Nc3 d6 10. Qc2 O-O 11. O-O Be6 12. b3 Re8 13. Bb2 Qh4 14. Qe4 Qh6
15. Nb5 Bb6 16. Bxe5 dxe5 17. c5 c6 18. cxb6 Bd5 19. Qd3 Rad8 20. Rfd1 e4 21.
Qd4 cxb5 22. Bxb5 Re6 23. Qc5 Red6 24. Rac1 Qe6 25. Bc4 Bxc4 26. Rxd6 Qxd6 27.
Qxd6 Rxd6 28. bxc4 Rxb6 29. Rd1 Kf8 30. h3 Ke7 31. Rd5 Rb1+ 32. Kh2 b6 33. a4
Rb4 34. Re5+ Kf6 35. Rxe4 Rxa4 36. Rd4 Rb4 37. Kg3 a4 38. Kf4 a3 39. Rd6+ Ke7
40. Rd2 Rxc4+ 41. Ke5 b5 42. Kd5 Rc7 43. Ra2 b4 44. Kd4 Rc3 45. g3 Rb3 46. Kc4
Rb2 47. Ra1 a2 48. f4 b3 0-1

[Event "Torneo de la Juventud Pueblo Nuevo"]
[Site "Madrid ESP"]
[Date "2006.05.27"]
[Round "1.5"]
[White "Fernandez Marquez, Javier"]
[Black "Lozano Freras, Sergio"]
[Result "0-1"]
[WhiteElo "1919"]
[BlackElo "1983"]
[PlyCount "94"]
[EventDate "2006.05.27"]
[EventType "tourn"]
[EventRounds "9"]
[EventCountry "ESP"]
[Source "lmi"]
[SourceDate "2006.06.05"]

1. e4 e5 2. Nf3 Nc6 3. Bb5 a6 4. Ba4 Nf6 5. d4 Be7 6. Nc3 b5 7. Bb3 exd4 8.
Nxd4 Nxd4 9. Qxd4 c5 10. Qd3 c4 11. Bxc4 bxc4 12. Qxc4 Bb7 13. O-O O-O 14. e5
Ne8 15. Be3 Qc8 16. Qe2 d6 17. f4 dxe5 18. fxe5 Bc5 19. Rad1 a5 20. Qf2 Bxe3
21. Qxe3 Ra6 22. Rf2 Nc7 23. Ne4 Qg4 24. Qf3 Qxf3 25. gxf3 Bxe4 26. fxe4 Ne6
27. Kg2 a4 28. Rfd2 Ra5 29. Rd7 Rxe5 30. Kf3 Re8 31. Ra7 Nc5 32. Rf1 Rxe4 33.
Kg2 f6 34. Rf2 Re2 35. Rc7 Rxf2+ 36. Kxf2 Ne4+ 37. Kg2 Rb8 38. b3 axb3 39. axb3
Rd8 40. Rc4 Rd2+ 41. Kh3 Nd6 42. Rc6 Kf7 43. c3 Rd3+ 44. Kg2 Ne4 45. b4 Rxc3
46. b5 Rb3 47. Rc7+ Kg6 0-1

[Event "Torneo de la Juventud Pueblo Nuevo"]
[Site "Madrid ESP"]
[Date "2006.05.27"]
[Round "2.1"]
[White "Vallejo Nuño, Jorge"]
[Black "Lozano Freras, Sergio"]
[Result "0-1"]
[WhiteElo "1991"]
[BlackElo "1983"]
[PlyCount "56"]
[EventDate "2006.05.27"]
[EventType "tourn"]
[EventRounds "9"]
[EventCountry "ESP"]
[Source "lmi"]
[SourceDate "2006.06.05"]

1. b4 e5 2. Bb2 Bxb4 3. Bxe5 Nf6 4. c4 O-O 5. e3 d5 6. Nf3 Bg4 7. Qb3 Nc6 8.
Bc3 Bxc3 9. Nxc3 Bxf3 10. gxf3 d4 11. Ne2 dxe3 12. fxe3 Ne5 13. Bg2 Nd3+ 14.
Kf1 Ne4 15. fxe4 Qf6+ 16. Nf4 Qxa1+ 17. Ke2 Qxh1 18. Bxh1 Nc1+ 19. Kf3 Nxb3 20.
axb3 g5 21. Nd5 c6 22. Ne7+ Kg7 23. Nf5+ Kf6 24. d4 b5 25. c5 a5 26. Kg4 h5+
27. Kxh5 a4 28. Kg4 a3 0-1

[Event "Torneo de la Juventud Pueblo Nuevo"]
[Site "Madrid ESP"]
[Date "2006.05.27"]
[Round "2.2"]
[White "Martin Mazuelo, Miguel A."]
[Black "Fernandez Marquez, Javier"]
[Result "1-0"]
[WhiteElo "1879"]
[BlackElo "1919"]
[PlyCount "61"]
[EventDate "2006.05.27"]
[EventType "tourn"]
[EventRounds "9"]
[EventCountry "ESP"]
[Source "lmi"]
[SourceDate "2006.06.05"]

1. e4 d5 2. exd5 Qxd5 3. Nc3 Qa5 4. d4 Nf6 5. Bd2 c6 6. Nf3 Bg4 7. h3 Bh5 8. g4
Bg6 9. Ne5 Qc7 10. h4 Be4 11. Nxe4 Nxe4 12. Qf3 Nd6 13. Bf4 Qb6 14. O-O-O f6
15. Nc4 Nxc4 16. Bxc4 Nd7 17. d5 c5 18. Rhe1 O-O-O 19. Rd3 Qb4 20. Re4 Ne5 21.
Bxe5 fxe5 22. Rb3 Qa5 23. Qf5+ Kb8 24. Qxe5+ Qc7 25. Qc3 Rd6 26. Qe3 Rd7 27.
Be2 Rxd5 28. Bf3 c4 29. Rb4 Qc5 30. Qe1 Qa5 31. Rexc4 1-0

[Event "Torneo de la Juventud Pueblo Nuevo"]
[Site "Madrid ESP"]
[Date "2006.05.27"]
[Round "2.5"]
[White "Perez Martinez, Jose M."]
[Black "Collado Barbas, Laura"]
[Result "1-0"]
[WhiteElo "1943"]
[BlackElo "1861"]
[PlyCount "79"]
[EventDate "2006.05.27"]
[EventType "tourn"]
[EventRounds "9"]
[EventCountry "ESP"]
[Source "lmi"]
[SourceDate "2006.06.05"]

1. e4 c6 2. d4 d5 3. e5 c5 4. c3 Nc6 5. Be3 Nh6 6. Nf3 Bg4 7. Be2 Nf5 8. Nbd2
e6 9. Qb3 Rb8 10. O-O a6 11. h3 Bxf3 12. Nxf3 b5 13. a4 c4 14. Qc2 b4 15. Nh2
Qb6 16. Bg4 Nxe3 17. fxe3 Na5 18. e4 Nb3 19. Rae1 Rd8 20. Qf2 Qc7 21. Re3 dxe4
22. Rxe4 h5 23. Bd1 bxc3 24. bxc3 Rd7 25. Nf3 Be7 26. h4 Qa5 27. Nd2 Bd8 28.
Nxc4 Qxc3 29. Nd6+ Kf8 30. Re3 Qxd4 31. Rxb3 Qxf2+ 32. Rxf2 Bc7 33. Rb7 Re7 34.
Rxf7+ Rxf7 35. Nxf7 Kxf7 36. Rxc7+ Kg6 37. Bc2+ Kh6 38. Rc6 Re8 39. Bf5 g6 40.
Bxe6 1-0

[Event "Torneo de la Juventud Pueblo Nuevo"]
[Site "Madrid ESP"]
[Date "2006.05.28"]
[Round "3.1"]
[White "Collado Barbas, Laura"]
[Black "Vallejo Nuño, Jorge"]
[Result "1/2-1/2"]
[WhiteElo "1798"]
[BlackElo "2048"]
[PlyCount "108"]
[EventDate "2006.05.27"]
[EventType "tourn"]
[EventRounds "9"]
[EventCountry "ESP"]
[Source "lmi"]
[SourceDate "2006.06.05"]

1. d4 f5 2. c4 Nf6 3. Nc3 g6 4. Nf3 Bg7 5. Qc2 O-O 6. Bg5 d6 7. e3 c6 8. Bd3
Nbd7 9. e4 fxe4 10. Nxe4 Nxe4 11. Bxe4 Nf6 12. Bxf6 exf6 13. O-O Qa5 14. a3 Qh5
15. Rad1 f5 16. Bd3 f4 17. Ne1 g5 18. Be2 g4 19. d5 f3 20. Bd3 Be5 21. g3 Qh3
22. Qd2 Kh8 23. dxc6 bxc6 24. Be4 Rb8 25. b4 Rf6 26. Qg5 Bf5 27. Bxf5 Rg8 28.
Qh4 Qxh4 29. gxh4 Rxf5 30. Nd3 Bf6 31. Ne1 Re8 32. Nc2 Bxh4 33. Ne3 Rf7 34. Rd4
h5 35. h3 Bf6 36. Rf4 Rg8 37. hxg4 hxg4 38. Rd1 g3 39. fxg3 Rxg3+ 40. Kf2 Rh3
41. Nf5 Bg5 42. Rxf3 Rxf3+ 43. Kxf3 Rxf5+ 44. Kg4 Re5 45. Rxd6 Bc1 46. Rxc6
Bxa3 47. b5 Rc5 48. Rxc5 Bxc5 49. Kf5 Kg7 50. Ke6 Bb6 51. Kd6 Ba5 52. c5 Bb4
53. Kc6 Kf7 54. b6 axb6 1/2-1/2

[Event "Torneo de la Juventud Pueblo Nuevo"]
[Site "Madrid ESP"]
[Date "2006.05.28"]
[Round "3.2"]
[White "Fernandez Lledo, Javier"]
[Black "Perez Martinez, Jose M."]
[Result "0-1"]
[WhiteElo "1722"]
[BlackElo "1956"]
[PlyCount "70"]
[EventDate "2006.05.27"]
[EventType "tourn"]
[EventRounds "9"]
[EventCountry "ESP"]
[Source "lmi"]
[SourceDate "2006.06.05"]

1. e4 e6 2. d4 d5 3. e5 c5 4. c3 Nc6 5. Nf3 Qb6 6. a3 a5 7. a4 Bd7 8. Na3 cxd4
9. cxd4 Bb4+ 10. Ke2 Nge7 11. Nb5 Nf5 12. Be3 Na7 13. Nxa7 Qxa7 14. g4 Ne7 15.
Bd2 Nc6 16. Bxb4 Nxb4 17. Rc1 b5 18. b3 O-O 19. Ke1 bxa4 20. Bd3 Rac8 21. Kd2
Nxd3 22. Kxd3 Rxc1 23. Qxc1 axb3 24. Qb2 a4 25. Ra1 Bb5+ 26. Ke3 Ra8 27. Nd2
Bc4 28. Ra3 Qa5 29. Qa1 Qb4 30. Qb2 h6 31. h3 Rc8 32. Ra1 Bb5 33. Rc1 Rxc1 34.
Qxc1 b2 35. Qc2 a3 0-1

[Event "Torneo de la Juventud Pueblo Nuevo"]
[Site "Madrid ESP"]
[Date "2006.05.28"]
[Round "3.4"]
[White "Fernandez Marquez, Javier"]
[Black "Sotnikov, Taras"]
[Result "1/2-1/2"]
[WhiteElo "1990"]
[BlackElo "1868"]
[PlyCount "47"]
[EventDate "2006.05.27"]
[EventType "tourn"]
[EventRounds "9"]
[EventCountry "ESP"]
[Source "lmi"]
[SourceDate "2006.06.05"]

1. d4 Nf6 2. c4 e6 3. Nf3 d5 4. e3 Bd6 5. Nc3 Nbd7 6. Bd3 c6 7. O-O O-O 8. cxd5
exd5 9. e4 dxe4 10. Nxe4 Nxe4 11. Bxe4 Nf6 12. Bc2 h6 13. h3 Re8 14. Qd3 Be6
15. Re1 Qd7 16. Ne5 Bxe5 17. dxe5 Qxd3 18. Bxd3 Nd5 19. a3 Rad8 20. Bc2 Ne7 21.
Be3 a6 22. Rad1 Rxd1 23. Rxd1 Nd5 24. Bc1 1/2-1/2

[Event "Torneo de la Juventud Pueblo Nuevo"]
[Site "Madrid ESP"]
[Date "2006.05.28"]
[Round "3.5"]
[White "Lozano Freras, Sergio"]
[Black "Martin Mazuelo, Miguel A."]
[Result "1/2-1/2"]
[WhiteElo "2040"]
[BlackElo "1951"]
[PlyCount "106"]
[EventDate "2006.05.27"]
[EventType "tourn"]
[EventRounds "9"]
[EventCountry "ESP"]
[Source "lmi"]
[SourceDate "2006.06.05"]

1. e4 c5 2. Nf3 d6 3. d4 cxd4 4. Nxd4 Nf6 5. Nc3 a6 6. Be3 e6 7. f3 b5 8. Qd2
Bb7 9. g4 h6 10. O-O-O Nbd7 11. g5 hxg5 12. Bxg5 b4 13. Nce2 Qc7 14. Bxf6 Nxf6
15. Qxb4 d5 16. Qa4+ Nd7 17. exd5 Bxd5 18. Nc3 Bc5 19. Nxd5 exd5 20. Re1+ Kf8
21. Qc6 Qxc6 22. Nxc6 Rh6 23. Ne5 Nxe5 24. Rxe5 Rd8 25. Bd3 Bd6 26. Re2 Re8 27.
h3 Rxe2 28. Bxe2 Bf4+ 29. Kd1 a5 30. Bd3 d4 31. Be4 Rb6 32. b3 a4 33. Ke2 axb3
34. axb3 Ke7 35. Kd3 Be5 36. Kc4 f6 37. h4 Rb8 38. Rg1 Rc8+ 39. Kb5 Kf8 40. Rg4
Bd6 41. Bc6 d3 42. cxd3 Rb8+ 43. Kc4 Be7 44. h5 f5 45. Rg6 Rb4+ 46. Kd5 Rxb3
47. Kc4 Rb4+ 48. Kd5 Rh4 49. h6 gxh6 50. Ke5 Kf7 51. Kxf5 Rh5+ 52. Kg4 Rh4+ 53.
Kf5 Rh5+ 1/2-1/2

[Event "Torneo de la Juventud Pueblo Nuevo"]
[Site "Madrid ESP"]
[Date "2006.06.03"]
[Round "4.1"]
[White "Vallejo Nuño, Jorge"]
[Black "Martin Mazuelo, Miguel A."]
[Result "1-0"]
[WhiteElo "1991"]
[BlackElo "1879"]
[PlyCount "91"]
[EventDate "2006.05.27"]
[EventType "tourn"]
[EventRounds "9"]
[EventCountry "ESP"]
[Source "lmi"]
[SourceDate "2006.06.05"]

1. b4 e5 2. Bb2 Bxb4 3. Bxe5 Nf6 4. c4 Nc6 5. Bb2 O-O 6. e3 d5 7. a3 Ba5 8. Nf3
Bg4 9. cxd5 Nxd5 10. Bb5 Qd6 11. O-O a6 12. Be2 Rae8 13. Qa4 Bh5 14. Qb3 Nf6
15. d4 Ne7 16. Nc3 Ned5 17. Rac1 Bxc3 18. Bxc3 b6 19. Bb2 Ne4 20. Qc2 Re6 21.
Ne5 Bxe2 22. Qxe2 c5 23. Nc4 Qe7 24. dxc5 Nxc5 25. Qf3 Rd8 26. Rfd1 Nc7 27.
Rxd8+ Qxd8 28. Rd1 Qe7 29. Qg4 f6 30. Bd4 b5 31. Nd2 Ne4 32. Nxe4 Rxe4 33. Qc8+
Kf7 34. f3 Re6 35. Bb6 Kg6 36. Qxc7 Qxa3 37. Qc2+ Kh6 38. Bc5 Qa4 39. Kf2 b4
40. Rd4 g6 41. Bf8+ Kh5 42. Rh4+ Kg5 43. g3 f5 44. Qb2 f4 45. Bh6+ Kf5 46. g4#
1-0

[Event "Torneo de la Juventud Pueblo Nuevo"]
[Site "Madrid ESP"]
[Date "2006.06.03"]
[Round "4.3"]
[White "Sanchez Delgado, Lidia"]
[Black "Fernandez Marquez, Javier"]
[Result "1-0"]
[WhiteElo "2035"]
[BlackElo "1919"]
[PlyCount "81"]
[EventDate "2006.05.27"]
[EventType "tourn"]
[EventRounds "9"]
[EventCountry "ESP"]
[Source "lmi"]
[SourceDate "2006.06.05"]

1. e4 c5 2. Nf3 e6 3. d4 cxd4 4. Nxd4 Qb6 5. Nb3 Qc7 6. Be3 a6 7. N1d2 Nf6 8.
c4 Nc6 9. Be2 b6 10. O-O Bb7 11. f4 d6 12. Bf3 Be7 13. a3 e5 14. Qe1 exf4 15.
Bxf4 Ne5 16. Nd4 Nd3 17. Qe3 Ne5 18. Nf5 Bf8 19. Bxe5 dxe5 20. Qg5 Rg8 21. b4
O-O-O 22. Rac1 h6 23. Qe3 Kb8 24. Nb3 g5 25. c5 b5 26. c6 Bc8 27. Rfd1 Rxd1+
28. Bxd1 Bxf5 29. exf5 Nd5 30. Qe4 Nb6 31. Na5 Be7 32. Bb3 Rf8 33. Qf3 Bd6 34.
Qh5 e4 35. Qxh6 e3 36. Re1 Re8 37. Bxf7 Re4 38. Nb7 Bf4 39. Nc5 Bxh2+ 40. Qxh2
Qxh2+ 41. Kxh2 1-0

[Event "Torneo de la Juventud Pueblo Nuevo"]
[Site "Madrid ESP"]
[Date "2006.06.03"]
[Round "4.4"]
[White "Perez Martinez, Jose M."]
[Black "Collado Barbas, Alberto"]
[Result "0-1"]
[WhiteElo "1943"]
[BlackElo "1809"]
[PlyCount "94"]
[EventDate "2006.05.27"]
[EventType "tourn"]
[EventRounds "9"]
[EventCountry "ESP"]
[Source "lmi"]
[SourceDate "2006.06.05"]

1. e4 c6 2. d4 d5 3. e5 c5 4. c3 Nc6 5. Nf3 Bg4 6. Be2 Nh6 7. Nbd2 cxd4 8. cxd4
Nf5 9. Nb3 Qb6 10. Be3 e6 11. O-O Bxf3 12. Bxf3 Be7 13. Bg4 Nxe3 14. fxe3 O-O
15. Rf3 Rac8 16. Rf2 Bg5 17. Qf3 Nxe5 18. dxe5 Bxe3 19. Re1 Bxf2+ 20. Qxf2 Qb4
21. Bf3 Rc2 22. Re2 Rfc8 23. h3 Qc4 24. Rxc2 Qxc2 25. Qxa7 Qb1+ 26. Kh2 Qxb2
27. Qxb7 Qxe5+ 28. Kg1 Qc3 29. Qb6 g6 30. Qd4 Qc2 31. Qb4 Qxa2 32. Qb7 Qc2 33.
Kh2 Qc3 34. Nd4 Qc5 35. Qd7 Qc7+ 36. Qxc7 Rxc7 37. Kg3 Rc3 38. Kf4 Rc4 39. Ke3
Kg7 40. Ne2 Kf6 41. Ng3 Ke5 42. Ne2 Kd6 43. Nf4 Rb4 44. Nd3 Rb3 45. Kd2 e5 46.
Bd1 Ra3 47. Nb2 Rg3 0-1

[Event "Torneo de la Juventud Pueblo Nuevo"]
[Site "Madrid ESP"]
[Date "2006.06.03"]
[Round "5.1"]
[White "Fernandez Lledo, Javier"]
[Black "Vallejo Nuño, Jorge"]
[Result "1/2-1/2"]
[WhiteElo "1722"]
[BlackElo "1991"]
[PlyCount "39"]
[EventDate "2006.05.27"]
[EventType "tourn"]
[EventRounds "9"]
[EventCountry "ESP"]
[Source "lmi"]
[SourceDate "2006.06.05"]

1. e4 d5 2. exd5 Qxd5 3. Nc3 Qd8 4. Nf3 Nf6 5. d4 c6 6. Be2 Bf5 7. Bf4 e6 8.
O-O Nbd7 9. Re1 Nh5 10. Bg5 Nhf6 11. Ne5 h6 12. Bxf6 gxf6 13. Nxd7 Qxd7 14. d5
O-O-O 15. dxe6 fxe6 16. Qxd7+ Rxd7 17. Bd3 Bxd3 18. cxd3 e5 19. Rad1 Bg7 20. h3
1/2-1/2

[Event "Torneo de la Juventud Pueblo Nuevo"]
[Site "Madrid ESP"]
[Date "2006.06.03"]
[Round "5.2"]
[White "Collado Barbas, Alberto"]
[Black "Collado Barbas, Laura"]
[Result "1/2-1/2"]
[WhiteElo "1809"]
[BlackElo "1861"]
[PlyCount "21"]
[EventDate "2006.05.27"]
[EventType "tourn"]
[EventRounds "9"]
[EventCountry "ESP"]
[Source "lmi"]
[SourceDate "2006.06.05"]

1. e4 Nf6 2. e5 Nd5 3. Bc4 Nb6 4. Bb3 c5 5. d3 d5 6. exd6 exd6 7. Nf3 Nc6 8.
O-O Bg4 9. Bg5 Bxf3 10. Bxf7+ Kd7 11. Be6+ 1/2-1/2

[Event "Torneo de la Juventud Pueblo Nuevo"]
[Site "Madrid ESP"]
[Date "2006.06.03"]
[Round "5.4"]
[White "Lozano Freras, Sergio"]
[Black "Sanchez Delgado, Lidia"]
[Result "0-1"]
[WhiteElo "1983"]
[BlackElo "2035"]
[PlyCount "30"]
[EventDate "2006.05.27"]
[EventType "tourn"]
[EventRounds "9"]
[EventCountry "ESP"]
[Source "lmi"]
[SourceDate "2006.06.05"]

1. e4 c5 2. Nf3 Nc6 3. d4 cxd4 4. Nxd4 g6 5. Nc3 Bg7 6. Be3 d6 7. f3 Nf6 8. Qd2
O-O 9. Bc4 Bd7 10. O-O-O Ne5 11. Bb3 Rb8 12. h4 h5 13. Bh6 b5 14. Rdg1 Nc4 15.
Qg5 Nh7 0-1

[Event "Torneo de la Juventud Pueblo Nuevo"]
[Site "Madrid ESP"]
[Date "2006.06.04"]
[Round "6.2"]
[White "Sanchez Delgado, Lidia"]
[Black "Martin Mazuelo, Miguel A."]
[Result "1-0"]
[WhiteElo "2035"]
[BlackElo "1879"]
[PlyCount "47"]
[EventDate "2006.05.27"]
[EventType "tourn"]
[EventRounds "9"]
[EventCountry "ESP"]
[Source "lmi"]
[SourceDate "2006.06.05"]

1. e4 c5 2. Nf3 d6 3. d4 cxd4 4. Nxd4 Nf6 5. Nc3 a6 6. Bg5 e6 7. f4 b5 8. Qf3
Bb7 9. Bd3 Nbd7 10. O-O-O b4 11. Nce2 Be7 12. Ng3 Rc8 13. Nh5 Nxh5 14. Qxh5 Nf6
15. Bxf6 Bxf6 16. Nxe6 Bxb2+ 17. Kxb2 Qf6+ 18. e5 Qxe6 19. exd6 Kf8 20. d7 Qf6+
21. Kb1 Rd8 22. Bc4 Bc6 23. Qc5+ Kg8 24. Rd6 1-0

[Event "Torneo de la Juventud Pueblo Nuevo"]
[Site "Madrid ESP"]
[Date "2006.06.04"]
[Round "6.3"]
[White "Perez Martinez, Jose M."]
[Black "Lozano Freras, Sergio"]
[Result "1/2-1/2"]
[WhiteElo "1943"]
[BlackElo "1983"]
[PlyCount "74"]
[EventDate "2006.05.27"]
[EventType "tourn"]
[EventRounds "9"]
[EventCountry "ESP"]
[Source "lmi"]
[SourceDate "2006.06.05"]

1. e4 e5 2. Nf3 Nc6 3. Bc4 Bc5 4. Nc3 Nf6 5. d3 h6 6. O-O d6 7. h3 a6 8. a3 O-O
9. b4 Ba7 10. Bb2 Be6 11. Ba2 Qd7 12. Qe2 Ne7 13. Bxe6 Qxe6 14. Bc1 Ng6 15. Re1
c6 16. Be3 Bxe3 17. Qxe3 Nf4 18. Nh4 Kh7 19. Ne2 N6h5 20. Ng3 Nxg3 21. fxg3 Nh5
22. Kh2 a5 23. c4 Rfe8 24. Qb6 axb4 25. axb4 Qd7 26. Ra5 Rxa5 27. bxa5 d5 28.
cxd5 cxd5 29. Rb1 dxe4 30. dxe4 Qd3 31. Rb3 Qxe4 32. Qxb7 Qxb7 33. Rxb7 Kg8 34.
Rb5 Nf6 35. a6 Ra8 36. Ra5 Ra7 37. Nf3 Nd7 1/2-1/2

[Event "Torneo de la Juventud Pueblo Nuevo"]
[Site "Madrid ESP"]
[Date "2006.06.04"]
[Round "6.4"]
[White "Collado Barbas, Laura"]
[Black "Fernandez Marquez, Javier"]
[Result "1-0"]
[WhiteElo "1861"]
[BlackElo "1919"]
[PlyCount "63"]
[EventDate "2006.05.27"]
[EventType "tourn"]
[EventRounds "9"]
[EventCountry "ESP"]
[Source "lmi"]
[SourceDate "2006.06.05"]

1. d4 Nf6 2. c4 e6 3. Nc3 d5 4. cxd5 exd5 5. Bg5 Be7 6. e3 Bf5 7. Bxf6 Bxf6 8.
Qb3 Nd7 9. Nxd5 Nb6 10. Nxb6 axb6 11. Bc4 O-O 12. Ne2 Qe7 13. O-O h5 14. Ng3
Bg6 15. Bd3 Bxd3 16. Qxd3 h4 17. Ne2 Ra5 18. a3 h3 19. Ng3 hxg2 20. Kxg2 Rg5
21. Rg1 Qd7 22. Kh1 Qg4 23. Qe4 Qc8 24. Rg2 Re8 25. Qf3 c6 26. Rag1 Qh3 27. Qf4
Qe6 28. Qc7 Rb5 29. Qxb7 Rxb2 30. Nh5 g6 31. Rxg6+ Kh8 32. Rh6# 1-0